Geografía 3 : sociedades y espacios de américa /
Guardado en:
| Autor Principal: | |
|---|---|
| Otros Autores: | , , , , |
| Formato: | Libro |
| Publicado: |
Buenos Aires :
Santillana,
1996
|
| Series: | Secundaria
|
| Materias: | |
| Etiquetas: |
Agregar Etiqueta
Sin Etiquetas, Sea el primero en etiquetar este registro!
|
| LEADER | 01161nam a22003135a 4500 | ||
|---|---|---|---|
| 001 | CEM.cems009292 | ||
| 005 | 20080902102314.0 | ||
| 008 | 130507s1996##################000#0#####d | ||
| 003 | CEMS | ||
| 020 | |a 9504603313 | ||
| 082 | 0 | 4 | |a Z918 |
| 100 | 1 | |a Bertoncello, Rodolfo | |
| 245 | 1 | 0 | |a Geografía 3 : |b sociedades y espacios de américa / |c Rodolfo Bertoncello ... [et Al.] |
| 260 | |a Buenos Aires : |b Santillana, |c 1996 | ||
| 300 | |a 195 p. | ||
| 490 | 0 | |a Secundaria | |
| 505 | 0 | |a Una visión general de América -- Las bases naturales de América -- América Latina y el Caribe -- América anglosajona | |
| 653 | |a Geografía | ||
| 653 | |a Geografía de américa | ||
| 653 | |a Geografía-8º egb | ||
| 700 | 1 | |a García, Patricia A. | |
| 700 | 1 | |a López de Riccardini, Silvia | |
| 700 | 1 | |a Castro, Hortensia | |
| 700 | 1 | |a Minvielle, Sandra E. | |
| 700 | 1 | |a Zusman, Perla B. | |
| 859 | |a CEMS |b BIB. CEMS - 11 de abril |h Z918 |i B462 |p 18920.96 |t Ej.1 | ||
| 859 | |a CEMS |b BIB. CEMS - 11 de abril |h Z918 |i B462 |p 19177.97 |t Ej.2 | ||
| 859 | |a CEMS |b BIB. CEMS - 11 de abril |h Z918 |i B462 |p 19178.97 |t Ej.3 | ||
| 859 | |a CEMS |b BIB. CEMS - 11 de abril |h Z918 |i B462 |p 19179.97 |t Ej.4 | ||
